The Ages of Man Quiz Stats

 Plays Quiz Updated Mar 23, 2020

     
Support Sporcle.
Go Orange.
Score 0/7 Timer 02:00
0 Plays Today
% Correct
The infant
94.5%
The lover
36.8%
The whining schoolboy
35%
The soldier
34.4%
The justice
26%
The lean and slippered Pantaloon
17.2%
Second childishness and mere oblivion
16.5%

From the Vault

Disappointing Sequels

by gingerlover

Movies 5m
Aren't sequels always kind of disappointing?
Remove Ads.
Support Sporcle.
Get the best of Sporcle when you Go Orange. This ad-free experience offers more features, more stats, and more fun while also helping to support Sporcle. Thank you for becoming a member.

Show Comments

Extras

Top Quizzes Today


Score Distribution

Your Account Isn't Verified!

In order to create a playlist on Sporcle, you need to verify the email address you used during registration. Go to your Sporcle Settings to finish the process.

Report this User

Report this user for behavior that violates our Community Guidelines.

Details: